Getting into computers : a career guide to today's hottest new field /

Bibliographic Details
Main Author: Brechner, Irv
Format: Book
Language:English
Published: New York : Ballantine Books, 1983.
Edition:1st ed.
Subjects:

MARC

Tag First Indicator Second Indicator Subfields
LEADER 00000cam a2200000 a 4500
001 in00000515413
005 20151013090014.0
008 830812s1983 nyu 00010 eng
010 |a  82090838  
020 |a 0345301722 (pbk.) :  |c $4.95 ($6.50 Can.) 
035 |a (OCoLC)09583162 
035 |9 ACF7344AM 
039 0 |a 2  |b 3  |c 3  |d 3  |e 3 
040 |a DLC  |c DLC  |d TXA  |d UtOrBLW 
049 |a TXAM 
050 0 0 |a QA76.25  |b .B73 1983 
082 0 |a 001.64/023  |2 19 
100 1 |a Brechner, Irv. 
245 1 0 |a Getting into computers :  |b a career guide to today's hottest new field /  |c Irv Brechner. 
250 |a 1st ed. 
264 1 |a New York :  |b Ballantine Books,  |c 1983. 
300 |a x, 193 pages ;  |c 21 cm. 
336 |a text  |b txt  |2 rdacontent 
337 |a unmediated  |b n  |2 rdamedia 
338 |a volume  |b nc  |2 rdacarrier 
650 0 |a Electronic data processing  |x Vocational guidance. 
650 0 |a Computer science  |x Vocational guidance. 
999 |a MARS 
999 f f |s 20942a39-248c-3cd4-8c9d-4341035342d1  |i 70f7b8d7-cfb4-3cb5-ac69-0d888c5ae5e5  |t 0 
952 f f |p ric  |a Texas A&M University  |b Rellis Campus  |c Joint Library Facility  |d Remote Storage  |t 0  |e QA76.25 .B73 1983  |h Library of Congress classification  |i unmediated -- volume  |m A14808036476 
998 f f |a QA76.25 .B73 1983  |t 0  |l Remote Storage